Principios de geomorfología /
Guardado en:
| Autor Principal: | |
|---|---|
| Formato: | Libro |
| Idioma: | Spanish |
| Publicado: |
Buenos Aires :
Kapelusz,
1960.
|
| Series: | Biblioteca de cultura universitaria. Serie Geografía
|
| Materias: | |
| Etiquetas: |
Agregar Etiqueta
Sin Etiquetas, Sea el primero en etiquetar este registro!
|
| LEADER | 00882nam a22001935a 4500 | ||
|---|---|---|---|
| 001 | EUN.eunm004053 | ||
| 005 | 20120423131615.0 | ||
| 008 | 041125s1960####ag#a#####b####000#0#spa#d | ||
| 082 | 0 | 4 | |a 551.4 |2 15 |
| 100 | 1 | |a Thornbury, William D. |q (William David), |d 1900- | |
| 245 | 1 | 0 | |a Principios de geomorfología / |c William D. Thornbury ; versión castellana dirigida por el prof. Alfredo C. Rampa ; traducida por el dr. Juan Carlos A. Turner. |
| 260 | |a Buenos Aires : |b Kapelusz, |c 1960. | ||
| 300 | |a xxi, 627 p. : |b il. ; |c 25 cm. | ||
| 490 | 0 | |a Biblioteca de cultura universitaria. Serie Geografía | |
| 500 | |a Título de la edición original: Principles of geomorphology; publicado por John Wiley, c1954. | ||
| 504 | |a Incluye referencias bibliográficas. | ||
| 650 | 7 | |a Geología. |2 unbist | |
| 650 | 7 | |a Geomorfología. |2 unbist | |
| 859 | |a AR-BaUNS |b BIB. CENTRAL - Sector A |h 551.4 |i T393 |p 1054/965 |t Ej.4 | ||
